| 000 | nam a22 7a 4500 | ||
|---|---|---|---|
| 999 |
_c26407 _d26407 |
||
| 008 | 170204b xxu||||| |||| 00| 0 eng d | ||
| 050 | _aNK9503 .K4 1966 | ||
| 100 | _aKeller,Ila | ||
| 245 |
_aBatik : _bthe art and craft, _cIla Keller |
||
| 260 |
_aRutland, Vt.: _b C.E. Tuttle Co. , _c[1966] |
||
| 300 |
_a75p. : _bill. ; _c 21 x 22 cm |
||
| 942 |
_2lcc _cBOOKS _hNK9503 .K4 1966 |
||